000 00866nam a2200265 a 4500
001 53111
003 BD-RjUL
005 20211209075918.0
008 161003s2000 nyuab b 001 0 eng
020 _a0889368848
020 _a1566704057
035 _a(BD-RjUL)53231
040 _aDLC
_cDLC
_dBD-RjUL
_dWaU
_beng
041 _aeng
082 0 0 _a631.523
_223
_bGEN 2000
245 0 0 _aGenes in the field :
_bon-farm conservation of crop diversity /
_cedited by Stephen B. Brush.
260 _aNew York :
_bLewis Publishers,
_cc2000.
300 _a288 p. :
_bill., ;
_c24 cm.
504 _aIncludes bibliographical references and Index
650 0 _aCrops
_xGermplasm resources.
_9158745
650 0 _aGermplasm resources, Plant.
_9158746
650 0 _aGermplasm resources conservation.
_9158747
700 1 _aBrush, Stephen B.,
_d1943-
_9158748
942 _2ddc
_cBK
999 _c53111
_d53111